Регионална библиотека "Любен Каравелов" - Русе

Изкуството на преговорите (Запис номер 871)

MARC детайли
000 -Лидер
Контролно поле с фиксирана дължина 01743nam a2200373 c 4500
003 - Код на организацията, давaща контролен номер
Контролно поле BLK
005 - Дата и час на последна редакция
Контролно поле 20230325104211.0
008 - Елементи от данни с фиксирана дължина
fixed length control field 180412b bul|||||r ||||||| ||bul||
010 ## - Наследен системен номер
LC control number KNG00001530000
040 ## - Източник на каталожния запис
Идентификатор на билиотеката - собственик на записа BLK
041 ## - Код за език
Код за езика на текст/звукозапис или на отделно заглавие Български
Код за езика КДБФ Български
080 ## - УДК
Текстов определител УДК Отношения. Компоненти на отношенията. Взаимосвързаност, взаимозависимост на отношенията и др.
УДК код - определител по УДК 316.64
УДК определител
УДК - код + определител 316.64
080 ## - УДК
Текстов определител УДК Разговор. Умение да се води разговор. Празнодумие
УДК код - определител по УДК 177.2
УДК определител
УДК - код + определител 177.2
100 1# - Редна дума - Автор
Автор Фишър, Роджър
Авторска отговорност първи автор
R(LIN) 243185
139 ## - Редно поле
Редна дума Фишър, Роджър и др.
Авторски знак Фиш - Ф 59
245 10 - Сведения за заглавието
Заглавие Изкуството на преговорите
Подзаглавни данни Да достигнем до Да
Редно поле (дума) Роджър Фишър; съавт. Уилям Юри; прев. от англ. Сергей Христов.
257 ## - Страна на издаване
Страна на създаване/издаване Съединени американски щати
260 ## - Област на издателските данни
-- София
Име на издателя, разпространителя и проч. Весела Люцканова
Година на издаване 1994
Печатница Враца : Полипринт
300 ## - Физическа характеристика
Страници 192 с.
Размери/Мащаб 20 см
380 ## - Жанр
Жанр Обществени науки
500 ## - Общи забележки
Забележка Ориг. загл. Getting to yes : negotiating agreement without giving in / Roger Fisher, William Ury ; 3 000 тир
650 #4 - Допълнително описание по предмет – тема
Основно описание – тема или топоним Взаимоотношения - психология и етика
9 (RLIN) 243188
650 #4 - Допълнително описание по предмет – тема
Основно описание – тема или топоним Социална психология
9 (RLIN) 243161
653 ## - Ключова дума – ненормативна
Ключова дума преговори
653 ## - Ключова дума – ненормативна
Ключова дума етика
653 ## - Ключова дума – ненормативна
Ключова дума социална психология
700 1# - Други автори (авторска отговорност)
Лично име Юри, Уилям
Автороска отговорност (Описва отношението между автора и произведението) съавт.
9 (RLIN) 243186
700 1# - Други автори (авторска отговорност)
Лично име Христов, Сергей
Автороска отговорност (Описва отношението между автора и произведението) прев. от англ.
9 (RLIN) 243187
852 ## - Местоположение
Форматна сигнатура Цб 177924
856 4# - Електронен адрес и достъп
Електронен формат pdf - файл
Път до файла /url/
856 4# - Електронен адрес и достъп
Електронен формат pdf - файл
Път до файла /url/
942 ## - АРТИКУЛИ
Вид на библиотечния материал Книги
Скрит в OPAC Не
Koha issues (borrowed), all copies 1
944 ## - СЪЗДАВАНЕ И РЕДАКЦИЯ на ЗАПИСА
Създаване/Редакция Създаване
Дата на регистрацията/редакция 15.01.2003
Служител, извършил регистрацията/редакцията Цветанка_Енчева
944 ## - СЪЗДАВАНЕ И РЕДАКЦИЯ на ЗАПИСА
Създаване/Редакция Редакция
Дата на регистрацията/редакция 13.02.2004
Служител, извършил регистрацията/редакцията
999 ## - СИСТЕМНИ КОНТРОЛНИ НОМЕРА
Koha biblionumber 871
Koha biblioitemnumber 871
Наличности
Код за отписване Код за изгубен артикул Код за повреда Коз за рестрикции Код за отдаване Артикулен № Име на библиотеката - собственик Име на библиотеката, в която се намира в момента Статус (Текущо местоположение) Дата на вписване в системата Местоположение - отдел Цена в лева Инвентарен номер Систематично азбучна сигнатура Баркод Номер на екземпляра Цена в евро Служебна бележка Служебен тип на артикула
  Не е изгубен Не е повреден без рестрикции заемане за дома 1838 Регионална библиотека "Любен Каравелов" Русе Регионална библиотека "Любен Каравелов" Русе Заемна - подръчен фонд 2003-11-20 Заемна - подръчен фонд 2.50 120000680271 П 316.6/Ф 59 120000680271 1 1.28 Дост: DA Вид: А N: 29 Дата: 19.11.2003 Дата инв: 02.02.2018 Бележки инв: П2018 Книги
  Не е изгубен Не е повреден без рестрикции ползва се в читалня 1839 Регионална библиотека "Любен Каравелов" Русе Регионална библиотека "Любен Каравелов" Русе Хранилище 1994-01-01 Хранилище 0.50 601764 Цб 177924 601764 2 0.26 Дост: Dp Вид: Д N: стар фонд Дата: 01.01.1994 Книги
Vip Innovations Ltd, Rousse, Bulgaria 2025